Apertura y reformas tributarias / (Registro nro. 7623)

Detalles MARC
000 -LEADER
fixed length control field 00833nam a2200217Ia 4500
003 - CONTROL NUMBER IDENTIFIER
control field OSt
005 - DATE AND TIME OF LATEST TRANSACTION
control field 20210417221026.0
008 - FIXED-LENGTH DATA ELEMENTS--GENERAL INFORMATION
fixed length control field 210310s1993 ck a gr 000 0dspa d
040 ## - CATALOGING SOURCE
Original cataloging agency CO-JMCR
Transcribing agency CO-JMCR
041 0# - LANGUAGE CODE
Language code of text/sound track or separate title spa
082 04 - DEWEY DECIMAL CLASSIFICATION NUMBER
Classification number 343.04 /
Item number C355a
Edition number 23
100 1# - MAIN ENTRY--PERSONAL NAME
Personal name Castro Ramírez, Pedro Eliseo,
9 (RLIN) 14971
Relator term autor
245 10 - TITLE STATEMENT
Title Apertura y reformas tributarias /
Statement of responsibility, etc. Pedro Eliseo Castro R.
260 ## - PUBLICATION, DISTRIBUTION, ETC.
Place of publication, distribution, etc. Tunja :
Name of publisher, distributor, etc. Universidad Pedagógica y Tecnológica de Colombia :
-- Escuela de Administración,
Date of publication, distribution, etc. 1993
300 ## - PHYSICAL DESCRIPTION
Other physical details 143 páginas :
Extent ilustraciones a blanco y negro ;
Dimensions 21 cm.
500 ## - GENERAL NOTE
General note Incluye datos biográficos del autor.
505 0# - FORMATTED CONTENTS NOTE
Formatted contents note Reforma tributaria de 1990 -- Reforma tributaria de 1992
650 14 - SUBJECT ADDED ENTRY--TOPICAL TERM
Topical term or geographic name entry element Derecho fiscal
9 (RLIN) 14973
General subdivision Legislación
Geographic subdivision Colombia
650 24 - SUBJECT ADDED ENTRY--TOPICAL TERM
Topical term or geographic name entry element Apertura económica
Geographic subdivision Colombia
9 (RLIN) 7518
942 ## - ADDED ENTRY ELEMENTS (KOHA)
Source of classification or shelving scheme Dewey Decimal Classification
Koha item type Books
Existencias
Withdrawn status Lost status Source of classification or shelving scheme Damaged status Not for loan Collection code Home library Current library Date acquired Source of acquisition Full call number Barcode Date last seen Copy number Koha item type
    Dewey Decimal Classification     Non-fiction Biblioteca Pública José María del Castillo y Rada Biblioteca Pública José María del Castillo y Rada 04/15/2018 Donación 343.04 / C355a 430004582 05/16/2024 Ej.1 Books